<?xml version="1.0" encoding="UTF-8"?>
<record
    xmlns:xsi="http://www.w3.org/2001/XMLSchema-instance"
    xsi:schemaLocation="http://www.loc.gov/MARC21/slim http://www.loc.gov/standards/marcxml/schema/MARC21slim.xsd"
    xmlns="http://www.loc.gov/MARC21/slim">

  <leader>01662nam a2200217Ia 4500</leader>
  <controlfield tag="008">120626t20002012mx            000 0 spa d</controlfield>
  <datafield tag="020" ind1=" " ind2=" ">
    <subfield code="a">9706135057</subfield>
  </datafield>
  <datafield tag="050" ind1=" " ind2=" ">
    <subfield code="a">KGF2709</subfield>
    <subfield code="b">E665  2012</subfield>
  </datafield>
  <datafield tag="100" ind1=" " ind2=" ">
    <subfield code="a">Espinoza Barragan, Manuel Bernardo</subfield>
    <subfield code="e">autor</subfield>
    <subfield code="d">autor</subfield>
  </datafield>
  <datafield tag="245" ind1=" " ind2=" ">
    <subfield code="a">Juicio de Amparo</subfield>
    <subfield code="c"> / Manuel Bernardo Espinoza Barrag&#xE1;n</subfield>
  </datafield>
  <datafield tag="260" ind1=" " ind2=" ">
    <subfield code="a">M&#xE9;xico</subfield>
    <subfield code="b"> : Oxford</subfield>
    <subfield code="c">, 2012</subfield>
  </datafield>
  <datafield tag="300" ind1=" " ind2=" ">
    <subfield code="a">xvi, 299 p&#xE1;ginas</subfield>
  </datafield>
  <datafield tag="336" ind1=" " ind2=" ">
    <subfield code="a">texto</subfield>
  </datafield>
  <datafield tag="337" ind1=" " ind2=" ">
    <subfield code="a">sin medio</subfield>
  </datafield>
  <datafield tag="338" ind1=" " ind2=" ">
    <subfield code="a">volumen</subfield>
  </datafield>
  <datafield tag="504" ind1=" " ind2=" ">
    <subfield code="a">Incluye: bibliograf&#xED;a (pp.289-290)

 </subfield>
  </datafield>
  <datafield tag="505" ind1=" " ind2=" ">
    <subfield code="a">Supremac&#xED;a y control de la Constituci&#xF3;n
Antecedentes del juicio de amparo
Procedencia y extensi&#xF3;n protectora del juicio de amparo
Autoridad responsable y acto reclamado en el juicio de amparo
Concepto y naturaleza jur&#xED;dica del juicio de amparo
Principios constitucionales del juicio de amparo
La acci&#xF3;n en el ampatro
Las partes en el juicio de amparo
Capacidad, legitimaci&#xF3;n, personalidad y representaci&#xF3;n en el juicio de amparo
La competencia en materia de amparo
Figuras procesales en el juicio de amparo
La improcedencia en el juicio de amparo
El sobreseimiento en el juicio da amparo
Amparo indirecto o biinstancial
Amparo directo o uniistancial
Las sentencias en el juicio de amparo
Cumplimiento u ejecuci&#xF3;n de las sentencias de amparo
Los recursos en el juicio de amparo
La suspensi&#xF3;n del acto reclamado
La suspensi&#xF3;n en el amparo indirecto
Jurisprudencia
Responsabilidad en el juicio de amparo
Amparo en materia agraria
Amparo contra ley, reglamento o tratado internacional
  </subfield>
  </datafield>
  <datafield tag="519" ind1=" " ind2=" ">
    <subfield code="a">Educaci&#xF3;n Mixta /
</subfield>
    <subfield code="b">Derecho / </subfield>
    <subfield code="c">Amparo (P11-2) /</subfield>
    <subfield code="d">(03 006666)</subfield>
  </datafield>
  <datafield tag="650" ind1="1" ind2="0">
    <subfield code="a">JUICIO DE AMPARO</subfield>
    <subfield code="z">M&#xC9;XICO</subfield>
  </datafield>
  <datafield tag="942" ind1=" " ind2=" ">
    <subfield code="c">LB</subfield>
  </datafield>
  <datafield tag="952" ind1=" " ind2=" ">
    <subfield code="0">0</subfield>
    <subfield code="1">0</subfield>
    <subfield code="4">0</subfield>
    <subfield code="7">0</subfield>
    <subfield code="a">03</subfield>
    <subfield code="b">03</subfield>
    <subfield code="d">2014-05-20</subfield>
    <subfield code="l">3</subfield>
    <subfield code="o">KGF2709 E665 2012</subfield>
    <subfield code="p">03 006666</subfield>
    <subfield code="r">2018-12-03</subfield>
    <subfield code="s">2018-11-30</subfield>
    <subfield code="t">1</subfield>
    <subfield code="w">2014-05-20</subfield>
    <subfield code="y">LB</subfield>
  </datafield>
  <datafield tag="999" ind1=" " ind2=" ">
    <subfield code="c">92821</subfield>
    <subfield code="d">92821</subfield>
  </datafield>
</record>
